| 000 | 00500nam a22001457a 4500 | ||
|---|---|---|---|
| 008 | 230621b |||||||| |||| 00| 0 eng d | ||
| 040 |
_aNational Science Library _cNational Science Library |
||
| 080 |
_aR 614.84.001.5(73) _bK8 |
||
| 245 |
_aDirectory of fire research in the United States, 1965-1967 _c/ National Research Council |
||
| 250 | _a4th ed. | ||
| 260 |
_aWashington, D.C.: _bNational Research Council, _c1968 |
||
| 300 | _a267p. | ||
| 650 | _aFire prevention-Research | ||
| 942 |
_2udc _cREF |
||
| 999 |
_c45762 _d45762 |
||